00000000nam 2200000zi 4500
0019.946750
003CaOODSP
00520250121091805
006m     o  d f      
007cr bn|||||||||
008250110m19651967onca    ou   f001 0 fre d
040 |aCaOODSP|bfre|erda|cCaOODSP
043 |an-cn---
0861 |aNR24-28/1965-5F-PDF
24500|aNormes residentielles Canada 1965 : |bsupplément no 5 du Code national du bâtiment Canada / |cpublié par le Comité associé sur le Code national du bâtiment.
24610|aSupplément no 5 du Code national du bâtiment Canada
250 |aTroisième édition comprenant toutes les corrections et les révisions jusqu'à décembre 1967.
264 1|aOttawa, Canada : |bConseil national de recherches, |c1965-1967.
300 |a1 ressource en ligne (vi, 186 pages, 1 page non numérotée) : |billustrations
336 |atexte|btxt|2rdacontent/fre
337 |ainformatique|bc|2rdamedia/fre
338 |aressource en ligne|bcr|2rdacarrier/fre
500 |aComprend un index.
500 |aPublié aussi en anglais sous le titre : Residential Standards Canada 1965 : supplement no. 5 to the National Building Code of Canada.
520 |a« Les Normes résidentielles 1965 représentent une codification des Normes de maison 1963, publiées antérieurement comme Supplément No 5 du Code national du bâtiment, Canada et des Normes d'appartements, publiées à l'origine par la Société centrale d'hypothèques et de logement, mais plus récemment par la division des Recherches en bâtiment, Conseil national de recherches. Ce nouvau Supplément No 5 de l'édition de 1965 du Code national du bâtiment, contient pour la première fois tous les règlements nécessaires régissant la construction résidentielle au Canada » -- Avant-propos, page iii.
650 6|aConstruction|xDroit|zCanada|vCodes.
650 6|aConstructions|xNormes|zCanada.
650 6|aLogement|xNormes|zCanada.
650 6|aHabitations|xConstruction|xNormes|zCanada.
7102 |aConseil national de recherches Canada. |bComité associé sur le Code national du bâtiment, |eorganisme de publication.
77508|tResidential Standards Canada 1965 : |w(CaOODSP)9.895214
794 |tCode canadien pour la construction résidentielle (normes résidentielles) 1970 / |w(CaOODSP)9.946609
795 |tNormes de maison, Canada 1963 : |w(CaOODSP)9.946565
85640|qPDF|s11.8 Mo|uhttps://publications.gc.ca/collections/collection_2025/cnrc-nrc/NR24-28-1965-5-fra.pdf
986 |a8251